|
|
|
|
| LEADER |
01153nam a2200349 a 4500 |
| 001 |
001192372 |
| 003 |
CZ BrMZK |
| 005 |
20120313063535.0 |
| 007 |
ta |
| 008 |
111101s2011 xr g 000 f cze |
| 015 |
|
|
|a cnb002237025
|
| 020 |
|
|
|a 978-80-87423-22-6
|q (váz.)
|
| 035 |
|
|
|a (OCoLC)780138187
|
| 040 |
|
|
|a BOA001
|b cze
|
| 041 |
1 |
|
|a cze
|h eng
|
| 072 |
|
7 |
|a 821.111(73)-3
|x Americká próza
|2 Konspekt
|9 25
|
| 080 |
|
|
|a 821.111(73)-31
|2 MRF
|
| 080 |
|
|
|a (0:82-312.4)
|2 MRF
|
| 100 |
1 |
|
|a Pike, Christopher,
|d 1955-
|7 jx20040211013
|4 aut
|
| 245 |
1 |
0 |
|a Poslední upír.
|n 2,
|p Černá krev /
|c Christopher Pike ; přeložila Marcela Nejedlá
|
| 246 |
3 |
0 |
|a Černá krev
|
| 260 |
|
|
|a V Praze :
|b Daranus,
|c 2011
|
| 300 |
|
|
|a 175 s. ;
|c 21 cm
|
| 500 |
|
|
|a Přeloženo z angličtiny
|
| 655 |
|
7 |
|a americké romány
|7 fd131796
|2 czenas
|
| 655 |
|
7 |
|a horory (romány)
|7 fd184202
|2 czenas
|
| 765 |
0 |
|
|t Last vampire - Black blood
|9 Česky
|
| 765 |
1 |
|
|t Black blood
|9 Česky
|
| 910 |
2 |
|
|a BOA001
|b 2-1271.775,2
|
| 990 |
|
|
|a BK
|
| 991 |
|
|
|b 201203
|e b
|
| 996 |
6 |
|
|b 2610503955
|c 2-1271.775,2
|l MZK
|r Sklad / do 1 hodiny
|n 0
|p p.v.
|w 001226232
|u 000010
|a 1
|e BOA001
|j MZK50
|s P
|